skbl

Dr Suryya Kumar Bhuyan Library Web-OPAC
ডঃ সূৰ্য্য
কুমাৰ ভূঞা পুথিভঁৰাল ৱেব-অ'পেক

All Research Scholars are advised to clear the annual library fees to continue using Library Resources, Remote Access, Plagiarism Test and Library Clearance.

Cotton University Book Fair 2026

Chetana / (Record no. 1503)

MARC details
000 -LEADER
fixed length control field 00363nam a2200157Ia 4500
001 - CONTROL NUMBER
control field 1507
008 - FIXED-LENGTH DATA ELEMENTS--GENERAL INFORMATION
fixed length control field 201222s ii a g b000 u asm u
082 ## - DEWEY DECIMAL CLASSIFICATION NUMBER
Classification number 891.41408
245 #0 - TITLE STATEMENT
Title Chetana /
Medium Textual Documents
250 ## - EDITION STATEMENT
Edition statement 1st ed /
300 ## - PHYSICAL DESCRIPTION
Extent 170p. :
Other physical details ill ;
Dimensions 21cm .
500 ## - GENERAL NOTE
General note 56/Ref/Ass
653 ## - INDEX TERM--UNCONTROLLED
Uncontrolled term Assamese
653 ## - INDEX TERM--UNCONTROLLED
Uncontrolled term Ref-Assamese
942 ## - ADDED ENTRY ELEMENTS (KOHA)
Source of classification or shelving scheme Dewey Decimal Classification
Koha item type Books
Holdings
Withdrawn status Lost status Damaged status Not for loan Home library Current library Date acquired Coded location qualifier Total checkouts Full call number Barcode Date last seen Copy number Price effective from Koha item type
      Not for loan Dr. Suryya Kumar Bhuyan Library Dr. Suryya Kumar Bhuyan Library 01/02/2012 00000   891.41408 CHE 50028 13/01/2024 1 01/02/2012 Books

Designed and Maintained by Team SKBL
©1901-2026

Powered by Koha